000 00449nam a2200157Ia 4500
001 20293
008 140408s9999 xx 000 0 und d
040 _cPK-LaUMT
082 _aR 030
_bKEE-
245 _aKeesing's contemporary archives:
_bWeekly diary of important world events with index continually kept up-to-da
260 _aBristol:
_bKeesing's Publications Limited,
_c1966
300 _avar p.
505 _gXV
546 _aEN
942 _cBK
999 _c20639
_d20639